<?xml version="1.0" encoding="UTF-8"?>
<collection xmlns="http://www.loc.gov/MARC21/slim">
 <record>
  <leader>00801nam  2200265#c 4500</leader>
  <controlfield tag="001">UMA-2964</controlfield>
  <controlfield tag="003">UMA</controlfield>
  <controlfield tag="005">20230415    193443</controlfield>
  <controlfield tag="008">021018suuuu####xxua#########||||#0#spa#d</controlfield>
  <datafield tag="336" ind1=" " ind2=" ">
   <subfield code="a">texto</subfield>
  </datafield>
  <datafield tag="337" ind1=" " ind2=" ">
   <subfield code="a">no mediado</subfield>
  </datafield>
  <datafield tag="338" ind1=" " ind2=" ">
   <subfield code="a">volumen</subfield>
  </datafield>
  <datafield tag="901" ind1=" " ind2=" ">
   <subfield code="a">2957</subfield>
  </datafield>
  <datafield tag="080" ind1=" " ind2=" ">
   <subfield code="a">681.3</subfield>
  </datafield>
  <datafield tag="092" ind1=" " ind2=" ">
   <subfield code="a">681.3</subfield>
  </datafield>
  <datafield tag="245" ind1=" " ind2=" ">
   <subfield code="a">Microsoft windows</subfield>
   <subfield code="b">manual del usuario e introducción</subfield>
  </datafield>
  <datafield tag="110" ind1=" " ind2=" ">
   <subfield code="a">Dell Computer Corporation</subfield>
  </datafield>
  <datafield tag="650" ind1=" " ind2=" ">
   <subfield code="a">Ciencias de la información</subfield>
  </datafield>
  <datafield tag="650" ind1=" " ind2=" ">
   <subfield code="a">Informática</subfield>
  </datafield>
  <datafield tag="650" ind1=" " ind2=" ">
   <subfield code="a">Software</subfield>
  </datafield>
  <datafield tag="041" ind1=" " ind2=" ">
   <subfield code="a">spa</subfield>
  </datafield>
  <datafield tag="044" ind1=" " ind2=" ">
   <subfield code="a">xxu</subfield>
  </datafield>
  <datafield tag="500" ind1=" " ind2=" ">
   <subfield code="a">El ejemplar es una versión reducida para el sistema operativo Microsoft Windows, versión 3.1. Se adjunta a la obra \&quot;Diagnostics and troubleshooting guide\&quot; y \&quot;Users guide\&quot;</subfield>
  </datafield>
  <datafield tag="300" ind1=" " ind2=" ">
   <subfield code="a">561 p. : il.</subfield>
  </datafield>
  <datafield tag="260" ind1=" " ind2=" ">
   <subfield code="b">Microsoft corporation</subfield>
   <subfield code="c">1992</subfield>
  </datafield>
 </record>
</collection>
